[Event "Sharjah Master 2024"]
[Site "Shsrjah - Abu Dhabi"]
[Date "2024.05.15"]
[Round "2.13"]
[White "Sarana, Alexey"]
[Black "Gurel, Ediz"]
[Result "1-0"]
[WhiteElo "2706"]
[BlackElo "2578"]
[PlyCount "119"]
[EventDate "2024.05.14"]
[EventCountry "UAE"]

{[%evp 11,119,7,8,5,8,7,14,0,3,0,5,10,9,0,3,0,6,7,18,4,14,12,16,13,21,0,13,16,24,-2,3,0,33,39,55,18,18,17,41,40,40,39,49,49,50,46,74,31,87,82,88,88,108,125,128,120,137,142,147,55,55,59,51,51,76,40,130,128,114,119,148,149,158,121,199,203,212,213,323,325,419,403,413,418,436,432,484,485,712,662,639,577,649,29969,29968,29970,29967,29971,29969,29972,29969,29973,29973,29973,6642,2382,29976,29976,29992,548]} 1. d4 Nf6 2. c4 e6 3. Nc3 Bb4 4. e3 O-O 5. Bd2 d5 6. a3 Be7 7. Nf3 b6 8. cxd5 exd5 9. g3 $146 {The position is equal.} ({RR} 9. Bd3 Bb7 10. O-O Nbd7 11. Re1 Ne4 12. Qc2 f5 13. Rac1 Rc8 ({Black should try} 13... c6 $11) 14. Red1 a6 15. Qb3 Nxc3 16. Bxc3 Kh8 17. Be1 ({Better is} 17. Qc2 $16) 17... Bd6 18. g3 (18. Qc2 $14) 18... Qe7 ({Black should play} 18... c5 $11 19. dxc5 Nxc5) 19. Qc2 g6 20. Qe2 Ra8 21. Bb4 Bxb4 $4 {[%mdl 8192]} (21... c5 $11 {and Black stays safe.} 22. dxc5 bxc5 23. Bc3+ Nf6) 22. axb4 $2 (22. Rxc7 $18 {is the precise move to win.} Rab8 23. axb4) 22... Rfc8 23. Qd2 Kg8 {Tulchynskyi,F (2288)-Gatterer,F (2170) chess.com INT 2024 1-0 (38)}) 9... c5 10. Bg2 Nc6 11. O-O Be6 12. Ne2 Ne4 13. Bc3 Qd7 14. Nf4 Rfd8 15. dxc5 Nxc3 16. bxc3 bxc5 17. Qa4 (17. Qb3) 17... Bf6 18. Rac1 Rac8 19. Rfd1 Ne7 20. Qa5 Bf5 21. Ne1 d4 22. cxd4 cxd4 23. e4 Bg4 24. f3 Be6 25. Nxe6 $40 {[%mdl 128] White attacks.} Qxe6 26. f4 {aiming for e5.} g5 27. fxg5 Bg7 28. Nd3 Ng6 29. Rc5 {[%cal Bc1c5,Bc5f5,Bf5f1][%mdl 32]} Bf8 $6 {Inaccuracy. Rf8 was best.} (29... Rf8 30. Rdc1) (29... Rf8 $14) 30. Rf5 $16 Qb3 31. Rff1 Qxa3 32. Qf5 Qb3 33. e5 Bg7 34. Be4 Qe6 35. Qxe6 $6 {Inaccuracy. Qf3 was best.} (35. Qf3 $1) (35. Qf3 $1 $16) 35... fxe6 $14 36. Bxg6 hxg6 37. Ra1 Rc3 38. Rfd1 $1 Rd7 (38... Rd5 $14) 39. Ra6 $16 Re7 40. Rd2 Kh7 $6 {Inaccuracy. Rb3 was best.} (40... Rb3 41. Rd6 Re8 42. Kg2 a5 {[#]} 43. Ra6 $1 {[%cal Ra6a5]} Rb5 44. h4 Reb8 (44... Bxe5 $16 45. Nxe5 {[%mdl 64] Discovered Attack} Rxe5) 45. Rxe6 R5b6 46. Re7 (46. Rxb6 $18 Rxb6 47. Kf3)) 41. Kg2 Rb3 42. Ra5 Rb6 (42... Reb7 $16 43. Nc5 Rb2 44. Rxb2 Rxb2+ 45. Kf3 Bxe5) 43. Kf3 $18 Rf7+ 44. Ke4 Rb1 $2 {Mistake. a6 was best.} (44... a6 45. Rda2) (44... a6 $142 45. Rda2 (45. Kxd4 Rc6 $16) 45... Ra7) 45. Rda2 ({Resist} 45. Kxd4 $6 Rd7+ 46. Ke4 Rb3 $18) 45... Rh1 46. Ra6 Re7 47. Rxa7 Rxa7 48. Rxa7 Rxh2 $6 {[%mdl 4096] Endgame Inaccuracy. Kg8 was best. KRB-KRN} (48... Kg8 49. Ra2 Bf8 50. Nf4 Be7 51. Nxe6 d3 52. Kxd3 Kf7 53. Nf4 Bxg5 54. Ra7+) 49. Nf4 Kh8 (49... Kg8 $142 50. Nxe6 {[%mdl 64] Double Attack} Bh8) 50. Nxg6+ Kg8 51. Nf4 {Black must now prevent g6.} Rh1 $2 {Mistake. Bh6 was best. If Black can now play ...Re1+ this consolidates a bit.} (51... Bh6 52. Nxe6 Bxg5 53. Ra8+ (53. Nxg5 $142 d3 54. Kxd3 Rh5 55. e6 Rxg5 56. Ra8+ Kh7 57. e7 Re5 58. e8=Q) 53... Kf7 54. Nxg5+ Ke7 55. Ra7+ Ke8 56. Kf5 d3 57. Ne4) 52. Nxe6 Re1+ 53. Kd5 d3 $4 {[#] Checkmate is now unavoidable. Bxe5 was best.} (53... Bxe5 54. g6) 54. g6 $1 ({Less strong is} 54. Rxg7+ Kh8 $11) 54... Rxe5+ 55. Kd6 Rxe6+ 56. Kxe6 Bc3 57. Rd7 d2 58. Kf5 (58. Rd8+ $142 Kg7 59. Kf5) 58... Bb4 59. g7 Kh7 $4 {Checkmate is now unavoidable. d1=B was best.} (59... d1=B 60. Rxd1 Kxg7 61. Rd3 Be1 62. g4 Bb4 63. g5 Kf8 64. Kg6 Ke7 65. Kh7) 60. Ke4 {Accuracy: White = 83%, Black = 63%.} (60. Kf6) (60. Kf6 $142 Bc3+ 61. Kf7 Bxg7 62. Rxd2 Kh6 63. Rd5 Bf8 64. g4 Kh7 65. Rh5+ Bh6 66. Rh2 Kh8 67. Rxh6#) 1-0

[Event "Sharjah Master 2024"]
[Site "Shsrjah - Abu Dhabi"]
[Date "2024.05.15"]
[Round "2.14"]
[White "Nesterov, Arseniy"]
[Black "Artemiev, Vladislav"]
[Result "1/2-1/2"]
[WhiteElo "2589"]
[BlackElo "2705"]
[PlyCount "106"]
[EventDate "2024.05.14"]
[EventCountry "UAE"]

{[%evp 0,106,19,19,19,-16,-14,-14,36,36,31,42,43,43,43,2,45,44,48,21,13,31,58,47,62,42,45,66,88,60,75,58,76,71,65,58,60,52,82,76,78,79,84,83,83,70,112,88,113,32,42,48,29,34,43,39,39,44,48,35,32,19,21,6,12,3,12,15,34,12,2,10,10,12,42,27,23,0,36,23,32,23,13,15,21,23,27,23,27,27,27,18,25,25,25,25,35,25,35,35,36,24,36,43,56,35,43,36,32]} 1. d4 d5 2. c4 e6 3. Nf3 dxc4 4. e3 Nf6 5. Bxc4 c5 6. O-O a6 7. b3 cxd4 8. Nxd4 Be7 9. Bb2 O-O 10. Be2 b5 ({RR} 10... Bd7 11. Nd2 Nc6 12. Bf3 Rc8 13. Rc1 Nb4 14. Rxc8 Bxc8 15. a3 Nd3 16. Ba1 e5 17. Nc4 Nxf2 18. Rxf2 exd4 19. Bxd4 b5 20. Ne5 Bxa3 21. Rd2 Qd6 22. Bb2 Qc5 23. Bd4 Qd6 24. Bb2 Qc5 25. Bd4 {Knaak,R (2450)-Meins,G (2390) Bremen GER 2024 ½-½}) 11. a4 bxa4 12. Rxa4 Bd7 $146 ({RR} 12... Bb7 13. Rc4 Bd5 14. Rc1 Re8 15. Nc3 Bb7 16. Na4 Bf8 17. Qc2 Nbd7 18. Nc6 Bxc6 19. Qxc6 Qb8 20. Qc2 Ra7 21. Bd4 Rb7 22. Bxa6 Rxb3 23. Rb1 Rxb1 24. Rxb1 Qa8 25. Qe2 Rb8 26. Rxb8 Qxb8 27. Bb5 {Cheparinov,I (2663)-Vachier Lagrave,M (2731) Samarkand UZB 2023 ½-½}) 13. Rc4 a5 14. Nd2 Na6 15. Nc6 Bxc6 16. Rxc6 Nb4 17. Rc4 h6 18. g3 Qd7 19. Rd4 Qa7 20. Nc4 Nfd5 21. Bf3 Rad8 22. Rd2 Nb6 23. Rxd8 Rxd8 24. Qe2 Qa6 25. Nxb6 Qxb6 26. Qc4 Bf6 27. Bxf6 gxf6 28. Ra1 Nd3 29. Qc3 Ne5 30. Be2 Rd5 31. Rc1 Kg7 32. h4 Qd6 33. Kf1 Qb8 34. Rd1 Qb7 35. Rxd5 Qxd5 36. Kg1 Qd8 37. Kg2 Qa8+ 38. Kh2 Qd8 39. Kg2 Qb6 40. Kg1 Nd7 41. Bc4 Qc5 42. Qd2 Nb6 43. Be2 Nd5 44. Bc4 Nb6 45. Be2 Nc8 46. Kg2 Nd6 47. Bf3 Qb6 48. Qc3 Nf5 49. Qc4 Ne7 50. Qg4+ Kf8 51. Qf4 Ng8 52. Qc4 Ne7 53. Qf4 Kg7 1/2-1/2

[Event "Sharjah Master 2024"]
[Site "Shsrjah - Abu Dhabi"]
[Date "2024.05.15"]
[Round "2.15"]
[White "Esipenko, Andrey"]
[Black "Daneshvar, Bardiya"]
[Result "0-1"]
[WhiteElo "2703"]
[BlackElo "2581"]
[PlyCount "153"]
[EventDate "2024.05.14"]
[EventCountry "UAE"]

{[%evp 9,153,40,33,33,37,35,35,34,35,34,33,37,92,93,98,78,79,81,72,32,38,17,112,113,109,51,82,73,57,19,31,23,26,19,30,0,0,0,6,-2,0,-5,-5,-3,21,17,16,-1,0,-8,-3,-18,-9,-36,-5,-10,0,0,0,0,33,39,60,52,54,57,57,55,58,40,44,-15,-15,-14,-16,-12,-14,-17,-17,-14,-14,-13,-6,-8,-7,-10,0,-360,-349,-407,-402,-501,-520,-526,-526,-520,-528,-524,-523,-523,-520,-523,-517,-567,-517,-676,-647,-29948,-1159,-29955,-29950,-29955,-29958,-29958,-29959,-29959,-29962,-29961,-29963,-29961,-29963,-29963,-29964,-29969,-29968,-29969,-29971,-29970,-29973,-29970,-29972,-29971,-29977,-29977,-29976,-29976,-29974,-29972,-29973,-29966,-29969,-29966,-29979,-29978,-29982,-29993]} 1. e4 c6 2. d4 d5 3. e5 c5 4. Nf3 cxd4 5. Qxd4 Nc6 6. Qf4 e6 7. Nc3 Nb4 8. Bd3 {White is slightly better.} Nxd3+ 9. cxd3 Ne7 10. h4 Ng6 11. Qg3 h5 12. Bg5 $146 ({RR} 12. O-O Bd7 13. Re1 Bc6 14. d4 Qb6 15. Ng5 Ne7 16. Qf4 Nf5 17. Ne2 $1 Be7 18. Ng3 $1 Bxg5 19. Qxg5 Nxg3 20. Qxg7 O-O-O 21. Qxg3 Qxd4 22. Bg5 Rd7 23. Qa3 ({Better is} 23. Re2) 23... Qa4 24. Qxa4 Bxa4 25. b3 Bb5 26. Rad1 d4 {Syrov,A (2212)-Miller,E (2353) Baden Baden GER 2024 1-0 (78)}) 12... Qb6 13. O-O Bd7 14. Rfc1 Rc8 15. d4 Bc6 $6 {Inaccuracy. Qa6 was best.} (15... Qa6) (15... Qxb2 $11 16. Rab1 Qa3 17. Rxb7 Bb4) 16. Rc2 Qa6 17. Nd1 $6 {Inaccuracy. Rac1 was best.} (17. Rac1 Ba4 (17... Bd7 $16 {is a better defense.}) 18. Nxa4 Rxc2 19. Rxc2 Qxa4 20. Rc7 $1 {[%cal Rc7b7]} Bb4 21. Rxb7 O-O {[#]} 22. a3 $1 Ba5) (17. Ne1 $16) 17... Qd3 18. Rac1 a6 19. a3 Qe4 20. Ne3 Be7 $1 21. Bxe7 Kxe7 22. Qg5+ f6 23. Qg3 {And now Nd2 would win.} Kf7 24. Rc3 Qf4 25. Qxf4 Nxf4 26. R1c2 Ke7 27. g3 Ng6 28. exf6+ gxf6 29. Ne1 Kd6 30. f3 Ne7 31. Kf2 e5 32. Rd2 Ba4 33. Rxc8 Rxc8 34. g4 hxg4 35. fxg4 Ke6 36. h5 Rg8 37. Nf3 Be8 38. Rd1 Bf7 39. Re1 Nc6 40. Rd1 ({White should play} 40. h6 $14) 40... Nxd4 41. Nxd4+ exd4 42. Rxd4 $11 {[%mdl 4096] Endgame KRB-KRN} Ke5 43. Nf5 Be6 44. Rb4 {Threatens to win with Ne7.} Bxf5 45. gxf5 {KR-KR} Rh8 46. Rxb7 Rxh5 47. b4 Rh2+ 48. Ke1 $4 {[#] Blunder. Kg3 was best.} (48. Kg3) (48. Kg3 $11 {and White is okay.} Rh1 49. Rb6) 48... Ra2 $1 $19 ({Less strong is} 48... Kxf5 49. Ra7 $15) 49. Ra7 Rxa3 50. b5 a5 51. Kd2 a4 52. b6 Rb3 53. Rxa4 Rxb6 54. Ra5 Rb3 55. Ke2 Ke4 56. Kd2 d4 57. Ra6 Kxf5 58. Ra8 Kf4 59. Rd8 {[#]} d3 $1 {Black mates.} 60. Rd4+ (60. Rxd3 Rxd3+) 60... Kf3 61. Rd5 Ke4 62. Rd8 f5 63. Re8+ Kf3 64. Rf8 f4 65. Rf7 Kg3 66. Rf8 Ra3 67. Rf7 f3 68. Ke3 Kg2 69. Kd2 $6 {Inaccuracy. Rg7+ was best.} (69. Rg7+ Kf1) 69... f2 70. Rg7+ Kf1 71. Rg8 Ra2+ 72. Kd1 $6 {Inaccuracy. Kxd3 was best.} (72. Kxd3 Ke1 73. Re8+ Kd1 74. Rf8 Ra3+ 75. Kd4 Ke2 76. Re8+ Kf3 77. Rf8+ Kg2) 72... Re2 73. Rg7 Re3 74. Kd2 Rh3 75. Rg8 $4 {Checkmate is now unavoidable. Rg5 was best.} (75. Rg5 Rh4 76. Kxd3 Rf4 77. Ke3 Rf7 78. Kd2 Rf8 79. Rg7 Rd8+ 80. Kc2 Rd5) 75... Rh2 76. Rg3 $6 {Checkmate is now unavoidable. Kxd3 was best.} (76. Kxd3 Rg2) 76... Rg2 77. Kc3 {Accuracy: White = 71%, Black = 88%.} 0-1

[Event "Sharjah Master 2024"]
[Site "Shsrjah - Abu Dhabi"]
[Date "2024.05.15"]
[Round "2.16"]
[White "Sevian, Samuel"]
[Black "Erdogmus, Yagiz Kaan"]
[Result "1/2-1/2"]
[WhiteElo "2698"]
[BlackElo "2553"]
[PlyCount "72"]
[EventDate "2024.05.14"]
[EventCountry "UAE"]

{[%evp 0,72,19,19,19,27,61,14,35,26,24,13,25,-4,10,-2,-12,-7,-8,-8,-4,-3,5,-3,3,-15,5,-3,2,-39,36,29,31,11,58,-8,-9,-22,35,-22,-15,-35,-33,-40,-26,-66,-55,-84,-62,-85,-75,-97,-89,-98,-105,-95,-95,-98,-74,-84,-74,-89,-79,-73,-75,-86,-75,-86,-85,-97,-75,-86,-85,-76,-72]} 1. d4 d5 2. Nf3 c5 3. c3 e6 4. Bf4 Bd6 5. e3 Bxf4 $146 ({RR} 5... cxd4 6. Bxd6 Qxd6 7. exd4 Ne7 8. Bd3 Nbc6 9. Nbd2 f6 10. Qe2 e5 11. dxe5 fxe5 12. Bb5 e4 13. Nd4 O-O 14. Bxc6 bxc6 15. O-O-O Ng6 16. f3 Nf4 17. Qe3 c5 18. N4b3 Nd3+ 19. Kb1 c4 20. Nc1 {Sai Agni Jeevitesh,J (2309)-Gochelashvili,D (2225) Karaikudi IND 2024 0-1 (54)}) ({RR} 5... Qc7 6. Bxd6 Qxd6 7. Ne5 Ne7 8. Bd3 O-O 9. Qh5 g6 10. Qh4 f6 11. Nf3 Nbc6 12. Nbd2 Kg7 13. O-O g5 14. dxc5 Qxc5 15. Qa4 Bd7 16. Qc2 Ng6 17. a3 Nce5 18. b4 Qc7 19. Rac1 Rac8 20. Be2 {Le Tuan Minh (2567)-Velikanov,A (2387) chess.com INT 2024 1-0 (48)}) 6. exf4 cxd4 7. cxd4 Nf6 8. Nc3 O-O 9. Bd3 Nc6 10. a3 Bd7 11. O-O Rc8 12. Rc1 Na5 13. Ne5 g6 14. g3 Nc4 15. Qe2 b5 16. Rfd1 a5 17. Bxc4 $6 {Inaccuracy. a4 was best.} (17. a4 bxa4) 17... bxc4 18. Kg2 Nh5 19. Ng4 Ng7 20. Ne3 Rb8 21. Rd2 Nf5 $6 {Inaccuracy. h5 was best.} (21... h5 22. Kg1) 22. Re1 $6 {Inaccuracy. Nxf5 was best.} (22. Nxf5) 22... Nxe3+ 23. Qxe3 Rb3 24. Qf3 Qf6 25. Qd1 Rfb8 26. Qc1 Qd8 27. Re5 Qb6 28. Ree2 Qd6 29. Rc2 R8b7 30. h3 Kg7 31. Qe3 Qb8 32. Qc1 Qd6 33. Rcd2 Qb8 34. Kh2 Qd6 35. Kg2 Qb8 36. Kh2 Qd6 1/2-1/2

[Event "Sharjah Master 2024"]
[Site "Shsrjah - Abu Dhabi"]
[Date "2024.05.15"]
[Round "2.17"]
[White "Kadric, Denis"]
[Black "Narayanan S L"]
[Result "1/2-1/2"]
[WhiteElo "2558"]
[BlackElo "2695"]
[PlyCount "57"]
[EventDate "2024.05.14"]
[EventCountry "UAE"]

{[%evp 0,57,27,8,37,25,22,25,32,-9,-2,16,-4,1,30,24,12,12,12,30,28,22,24,18,4,4,1,2,32,-2,15,3,23,31,44,12,27,-7,43,14,50,51,35,37,65,70,71,64,79,36,38,16,68,47,47,69,52,56,40,22]} 1. e4 e5 2. Nf3 Nc6 3. Bc4 Bc5 4. c3 Nf6 5. d3 d6 6. b4 Bb6 7. a4 a5 8. b5 Ne7 9. O-O O-O 10. Nbd2 Ng6 11. d4 Bg4 12. Qc2 exd4 13. cxd4 d5 14. exd5 Nxd5 15. Qb3 Be6 16. Ba3 $146 ({RR} 16. g3 Re8 17. Re1 h6 18. Ba3 Qd7 19. Rac1 Rac8 20. h4 Nf8 21. Ne5 Qd8 22. Nxf7 Bxf7 23. Rxe8 Qxe8 24. Bxd5 Bxd4 25. Ne4 Qxe4 26. Bxf7+ Kh8 27. Bd5 Qg6 28. Qf3 Nd7 29. Be4 Ne5 30. Bxg6 Nxf3+ {Abdusattorov,N (2766)-Kevlishvili,R (2530) chess.com INT 2024 1-0 (44)}) 16... Re8 17. Rae1 h6 18. Re4 $6 {Inaccuracy. Rxe6 was best.} (18. Rxe6 fxe6 19. g3 Qf6 20. Bd3 c6 21. bxc6 bxc6 22. Bb1 Bc7 23. Qc2 Nf8) 18... c6 19. Rfe1 Bc7 20. g3 Bd6 21. Bc5 Nf8 22. Qa3 Bxc5 23. dxc5 Nf6 24. R4e3 Qd7 25. Bxe6 Rxe6 26. Nc4 Rxe3 27. Rxe3 Nd5 28. Rd3 Qe7 29. Nd6 1/2-1/2

[Event "Sharjah Master 2024"]
[Site "Shsrjah - Abu Dhabi"]
[Date "2024.05.15"]
[Round "2.18"]
[White "Sanal, Vahap"]
[Black "Sjugirov, Sanan"]
[Result "1/2-1/2"]
[WhiteElo "2566"]
[BlackElo "2691"]
[PlyCount "124"]
[EventDate "2024.05.14"]
[EventCountry "UAE"]

{[%evp 0,124,19,25,51,51,88,40,68,20,31,-39,-40,-25,-4,-16,-16,-2,-20,-37,-15,-32,-29,-22,-3,-40,-39,-36,-13,-15,0,0,12,3,-9,-13,0,-33,-26,-37,-11,-22,-12,-4,0,-18,-10,-10,-20,-22,0,0,49,47,37,49,49,58,105,82,70,51,27,35,31,35,16,35,30,35,21,16,0,-12,-10,-57,2,-37,-33,-33,-40,-33,-33,-47,-66,-60,-50,-51,-75,-72,-61,-76,-41,-57,-44,-40,-19,-15,-11,-23,-7,-14,-18,-18,-12,-6,-10,-11,-11,-24,-26,-25,-13,-28,-35,-35,-18,-28,-23,-30,-30,-49,-55,-55,-72,0,-67]} 1. e4 c5 2. Nf3 d6 3. Bb5+ Nd7 4. c3 Ngf6 5. Qe2 a6 6. Ba4 e6 7. Bc2 b5 8. d4 Bb7 9. O-O Be7 10. Re1 O-O 11. Nbd2 Qc7 $146 ({RR} 11... cxd4 12. cxd4 Rc8 13. Bd3 Re8 14. a4 bxa4 15. Rxa4 Nb8 16. Nb3 Bc6 17. Ra1 Qb6 18. Nfd2 Bb5 19. Bxb5 Qxb5 20. Qxb5 axb5 21. Ra5 b4 22. d5 Bd8 23. Ra4 exd5 24. Rxb4 dxe4 25. Nxe4 Nxe4 26. Rbxe4 {Serpa,R (2101)-Silverio,V (1773) Florianopolis BRA 2024 1-0 (36)}) 12. Nf1 Rfc8 13. Bd3 e5 14. d5 c4 15. Bc2 a5 16. Ng3 g6 17. h3 Nc5 18. Nh2 $6 {Inaccuracy. Be3 was best.} (18. Be3) 18... b4 19. Be3 Nd3 $6 {Inaccuracy. h5 was best.} (19... h5 20. Nf3) 20. Bxd3 cxd3 21. Qxd3 Ba6 22. Qd1 bxc3 23. bxc3 Qxc3 $6 {Inaccuracy. h5 was best.} (23... h5 24. Nf3 Rab8 25. Rc1 Qc4 26. Nd2 Qxa2 27. Ra1 Qb2 28. Rxa5 Bd3 29. Ra7) 24. Ng4 Nxg4 25. Qxg4 Qc7 26. Rac1 Qd8 27. Nf5 Bf8 28. Nh6+ Kg7 29. Qf3 f6 30. h4 Rxc1 31. Rxc1 Rc8 32. Rb1 Rb8 33. Rc1 Rc8 34. Rb1 Rb8 35. Rxb8 $2 {Mistake. Rd1 was best.} (35. Rd1 Bb5 36. g4 Be7 37. Kh2 Bd7 38. h5 Qc7 39. Rc1 Qb7 40. g5 Rf8) 35... Qxb8 36. Kh2 Be7 37. g4 Qb4 38. a3 Qa4 39. Bd2 Qc2 40. Qe3 Qc5 41. g5 Qxe3 42. Bxe3 Bd3 43. f3 f5 44. exf5 gxf5 45. f4 Kg6 46. Bb6 exf4 47. Bxa5 Bc4 48. Ng8 Bf8 49. Nf6 Bg7 50. Bd2 Bxf6 51. gxf6 Kxf6 52. Bxf4 Ke7 53. Kg3 Bxd5 54. h5 Ke6 55. a4 Bc4 56. Kf2 Kd5 57. Ke3 Ba6 58. Bg5 Kc4 59. a5 d5 60. Bf6 Bb7 61. Kf4 d4 62. Kxf5 d3 1/2-1/2

[Event "Sharjah Master 2024"]
[Site "Shsrjah - Abu Dhabi"]
[Date "2024.05.15"]
[Round "2.19"]
[White "Can, Emre"]
[Black "Sindarov, Javokhir"]
[Result "0-1"]
[WhiteElo "2549"]
[BlackElo "2684"]
[PlyCount "84"]
[EventDate "2024.05.14"]
[EventCountry "UAE"]

{[%evp 18,84,31,32,28,10,17,8,10,0,55,48,81,12,18,7,5,6,12,3,19,-2,-1,-12,-13,-13,-13,-15,-15,-21,-3,-44,-18,-23,-5,-46,-14,-60,-26,-144,-155,-178,-183,-176,-127,-122,-128,-259,-271,-263,-233,-368,-368,-366,-368,-457,-446,-462,-457,-493,-496,-513,-497,-532,-516,-577,-577,-543,-506]} 1. e4 e5 2. Nf3 Nc6 3. Bb5 a6 4. Ba4 Nf6 5. O-O Be7 6. d3 b5 7. Bb3 d6 8. c3 O-O 9. h3 h6 $146 10. Re1 Re8 ({RR} 10... Bb7 11. a4 Na5 12. Ba2 c5 13. Na3 Qd7 14. axb5 axb5 15. Be3 Rfc8 16. b4 cxb4 17. cxb4 Nc6 18. Qb3 d5 19. Nc2 (19. Bd2 $11) 19... Ra4 20. Bd2 Rd8 (20... Bd6 $1 $17 21. exd5 Ne7) 21. Qb2 Rda8 22. Bc3 d4 23. Bd2 Bd6 24. Bb3 Rxa1 25. Rxa1 {Deac,B (2690)-Smirnov,P (2530) chess.com INT 2024 ½-½ (63)}) 11. a4 {White wants to play axb5.} Rb8 12. axb5 (12. Bc2 {is more complex.} Bd7 13. Nbd2 Bf8 14. Nf1 b4 15. Ng3) 12... axb5 {The position is equal.} 13. d4 {aiming for d5.} exd4 $6 {Inaccuracy. Bf8 was best.} (13... Bf8) (13... Bf8 {keeps more tension.} 14. d5 Ne7 15. Nh2 c6 16. Ng4 Bxg4 17. hxg4 cxd5 18. exd5 Qd7) 14. cxd4 d5 15. exd5 $6 {Inaccuracy. e5 was best.} (15. e5 Ne4) ({White should play} 15. e5 $16 Nh7 16. Bd2) 15... Nxd5 $11 16. Nc3 Nxc3 $1 17. bxc3 Bd6 18. Rxe8+ Qxe8 19. Qd3 {Bxh6! is the strong threat.} Ne7 $1 20. Ne5 Bxe5 21. dxe5 Be6 22. Bxe6 fxe6 23. Ra6 Qc8 24. Ra1 Qe8 25. Ra6 Qc8 26. Ra1 c5 27. Be3 b4 28. c4 $2 {Mistake. cxb4 was best.} (28. cxb4 cxb4 29. Rb1 Nd5 30. Rb3 h5 31. Kh2 Qc7 32. Qe4 Rc8 33. Bd2 Qc4) (28. cxb4 $11 {remains equal.} cxb4 29. Rb1) 28... Nf5 $1 $17 29. Rb1 Qc6 30. f3 Nxe3 31. Qxe3 $19 {[%mdl 4096] Endgame KQR-KQR} Rd8 32. Ra1 $2 {Mistake. Kh2 was best.} (32. Kh2 Qc7) (32. Kh2 $17) 32... Rd4 33. Qe2 Qb6 34. Rb1 $2 {Mistake. Ra8+ was best.} (34. Ra8+ Rd8 35. Ra2 Qb7 36. Ra5 Qd7 37. Qe4 {[#]} Rb8 $1 38. Ra2 b3 39. Rb2 Qd1+) (34. Ra8+ {might work better.} Rd8 35. Ra2) 34... Qa6 35. Rc1 Qa3 36. Qe1 $6 {Inaccuracy. Rc2 was best.} (36. Rc2 Qa1+ 37. Kh2 Qb1 38. Ra2 Qf5 39. Kg1 b3 40. Rb2 {[#]} Rd3 $1 41. Kf1 Rc3) 36... Qd3 {Black is clearly winning.} 37. Ra1 Rxc4 38. Rd1 Qg6 39. Qe3 Kh7 40. h4 Rc3 41. Qf4 Rc2 {[%csl Gc2][%cal Rg6g2]} 42. g4 {Hoping for h5.} Ra2 {Accuracy: White = 40%, Black = 74%.} 0-1

[Event "Sharjah Master 2024"]
[Site "Shsrjah - Abu Dhabi"]
[Date "2024.05.15"]
[Round "2.20"]
[White "Nihal Sarin"]
[Black "Mchedlishvili, Mikheil"]
[Result "1-0"]
[WhiteElo "2680"]
[BlackElo "2567"]
[PlyCount "105"]
[EventDate "2024.05.14"]
[EventCountry "UAE"]

{[%evp 21,105,13,15,-13,-11,-18,12,0,0,0,1,0,12,10,25,13,17,12,49,41,46,21,56,53,77,44,71,56,57,55,57,48,107,45,58,48,69,23,50,50,77,64,127,32,39,37,57,51,53,49,134,37,31,31,36,0,0,0,0,-296,-297,-380,-369,-380,-50,-50,-50,-50,-50,-185,0,0,0,0,0,0,0,0,0,0,0,0,0,-7,0,0]} 1. e4 e5 2. Nf3 Nc6 3. Bb5 a6 4. Ba4 Nf6 5. O-O Nxe4 6. d4 b5 7. Bb3 d5 8. dxe5 Be6 9. Qe2 Nc5 10. Rd1 Nxb3 11. axb3 Be7 12. h3 $146 ({RR} 12. c4 O-O 13. Nc3 Nb4 14. Nd4 c6 15. Nxc6 Qe8 $2 {[%mdl 8192]} (15... Nxc6 $11 16. cxd5 Qd7) 16. Nxe7+ Qxe7 17. cxd5 Bf5 18. d6 Qe6 19. Bf4 Qxb3 20. g4 Be6 21. Ne4 Rac8 $2 (21... Qc4 {was worth a try.} 22. Qxc4 bxc4) 22. Rac1 $2 (22. d7 $18 Rc2 23. Qe3 Qxe3 24. Bxe3) 22... Rc4 $2 {[%mdl 8192]} (22... Rxc1 $17 {stays on course.} 23. Rxc1 Nd3 {[%mdl 64] Double Attack}) 23. Nc5 $1 {[%cal Rc5b3]} Rxc5 24. Rxc5 Rd8 25. Rc7 Nd5 26. Bg5 f6 $2 {Guliev,L (2257)-Filippova,M (2026) chess.com INT 2024 1-0 (43)} (26... Nxc7 {is a better defense.} 27. Rd3 Qb4)) 12... O-O 13. Be3 f6 14. exf6 Bxf6 15. Nc3 Bf7 16. Qd2 Ne5 17. Nxe5 Bxe5 18. b4 c6 19. Bd4 Bc7 20. Ne2 Bg6 21. Qc3 Qd7 22. Re1 Rf7 23. Ng3 h5 24. Re3 Bf4 25. Re2 h4 26. Nf1 Bc7 (26... Rff8 $14) 27. Nd2 (27. Rae1 $16) 27... Bh5 $14 28. Ree1 Bd6 29. Nb3 Rf3 30. Re3 (30. gxf3 $2 Qxh3 31. Nd2 Bh2+ 32. Kh1 Bf4+ 33. Kg1 c5 $1 $19 {[%mdl 512]}) 30... Rxe3 31. Bxe3 Bg6 (31... Bc7 $14) 32. Nc5 $6 {Inaccuracy. Bg5 was best.} (32. Bg5) (32. Bg5 $1 $16) 32... Qf5 33. Nd3 Qd7 34. Ne5 Qe8 35. Bd4 Bxc2 $6 {Inaccuracy. Be4 was best.} (35... Be4 $1 36. f3 Bxc2 $1 37. Re1 Bf5 $1 38. Nxc6 Qd7 39. Ne5 Qc7 40. Qb3 Re8 41. Bc3) (35... Be4 $1 $14) 36. Re1 $2 {Mistake. Qxc2 was best.} (36. Qxc2) ({Of course not} 36. Qxc6 $6 Qxc6 37. Nxc6 Kf7 $11) ({Don't play} 36. Nxc6 $6 Rc8 $11) ({Better is} 36. Qxc2 $16 Bxe5 37. Re1 Bh2+ {[%mdl 64] Discovered Attack} 38. Kf1) 36... Be4 {next ...a5! is good for Black.} 37. f3 a5 38. bxa5 ({Not} 38. fxe4 Bxb4 39. Qe3 Bxe1 $17) 38... c5 $1 $36 {[%cal Rc5d4][%mdl 2048] White is under pressure.} 39. Bxc5 Bxe5 40. Bd4 $4 {Blunder. Qd2 was best.} (40. Qd2 $1 Bg3 41. Bf2 $1 Bxf2+ 42. Qxf2 Rxa5 43. Qd4 Qa8 44. fxe4 Ra1 45. Rxa1 Qxa1+) (40. Qd2 $1 $11) 40... Rc8 $19 41. Bxe5 $6 {Inaccuracy. Qe3 was best.} (41. Qe3 {[#]} Bg3 $1 42. Ra1 Bf5 43. Qg5 {[%csl Gd4][%cal Rg5g7]} Be5 44. Qe3 Bf6 45. Qxe8+ Rxe8 46. Bxf6 gxf6) 41... Rxc3 42. Bxc3 {[#]} b4 $1 {Blunder. Qc8 was best.} 43. Bd4 $15 (43. Bxb4 Qb5) 43... Qb5 {And now ...Qc4 would win.} 44. fxe4 Qxa5 {[%mdl 4096] Endgame KQ-KRB} 45. e5 $6 {Inaccuracy. exd5 was best.} (45. exd5 Qxd5 46. Be5 Qd3 47. Kf2 Qf5+ 48. Kg1 Qc2 49. Kh2 Qd3 50. Kg1 Kh7) (45. exd5 $15 Qxd5 46. Be5) 45... b3 $2 {Mistake. Qc7 was best.} (45... Qc7) ({Black should try} 45... Qc7 $19 46. e6 Kf8) 46. Rd1 $11 {The position is equal.} Kf7 {White must now prevent ...Qb5.} 47. Bc3 Qa7+ 48. Kh2 Ke6 {Hoping for ...Qe3.} 49. Rd4 g5 50. Rg4 Qe3 {aiming for ...Qf2.} 51. Bd4 Qd2 {Strongly threatening ...Qc1.} 52. Bc3 Qe3 {...Qd3 is the strong threat.} 53. Bd4 {[%mdl 32768] Accuracy: White = 64%, Black = 62%. . Loss on time!?} 1-0